Catálogo

BIOLOGICAL SUBSTANCES : (Registro nro. 5903)

Detalles MARC
000 -LEADER
fixed length control field 00495nam a2200157 a 4500
001 - CONTROL NUMBER
control field 5903
005 - DATE AND TIME OF LATEST TRANSACTION
control field 20180713185745.0
008 - FIXED-LENGTH DATA ELEMENTS--GENERAL INFORMATION
fixed length control field 140415s1991 sz 000 0 eng d
041 ## - LANGUAGE CODE
Language code of text/sound track or separate title eng
082 ## - DEWEY DECIMAL CLASSIFICATION NUMBER
Classification number 615.329
Item number BIO
245 00 - TITLE STATEMENT
Title BIOLOGICAL SUBSTANCES :
Remainder of title INTERNATIONAL STANDARDS AND REFERENCE REAGENTS, 1990
250 ## - EDITION STATEMENT
Edition statement 1a ed.
260 ## - PUBLICATION, DISTRIBUTION, ETC.
Place of publication, distribution, etc. SUIZA :
Name of publisher, distributor, etc. WORLD HEALTH ORGANIZATION,
Date of publication, distribution, etc. 1991
300 ## - PHYSICAL DESCRIPTION
Extent 105
650 14 - SUBJECT ADDED ENTRY--TOPICAL TERM
Topical term or geographic name entry element INDICADORES (BIOLOGIA)
General subdivision TABLAS
-- PRODUCTOS BIOLOGICOS
-- TABLAS
Existencias
Withdrawn status Lost status Source of classification or shelving scheme Damaged status Not for loan Collection code Home library Current library Shelving location Date acquired Source of acquisition Inventory number Total Checkouts Full call number Barcode Date last seen Price effective from Koha item type
    Dewey Decimal Classification     General Biblioteca Karol Wojtyla Biblioteca Karol Wojtyla Sala general 03/12/2013 Compra 151000000000000000005803   615.329 BIO 17885 05/01/2026 03/12/2013 Libro